Score 0/15 Timer 03:00
0 Plays Today
% Correct
Spock

(played by Chevy Chase)
94.6%
Captain Picard

(played by Patrick Stewart)
94%
Captain Kirk

(played by John Belushi)
92.5%
Uhura

(played by Sasheer Zamata)
92.1%
Worf

(played by Kenan Thompson)
91.1%
Data

(played by Rob Schneider)
90.1%
Sulu

(played by Akira Yoshimura)
84.8%
Geordi La Forge

(played by Tim Meadows)
83.5%
% Correct
Dr. McCoy

(played by Phil Hartman)
82.4%
Guinan

(played by Ellen Cleghorne)
81.6%
Khan

(played by Dana Carvey)
81.4%
Will Riker

(played by Chris Farley)
80.2%
Counselor Troi

(played by Julia Sweeney)
79.5%
Scotty

(played by Beck Bennett)
78.1%
Chekov

(played by Alex Moffat)
76.3%
Remove Ads.
Support Sporcle.
Get the best of Sporcle when you Go Orange. This ad-free experience offers more features, more stats, and more fun while also helping to support Sporcle. Thank you for becoming a member.

You're not logged in!

Compare scores with friends on all Sporcle quizzes.
OR
Log In

Show Comments

Extras

Top Quizzes Today


Score Distribution

Your Account Isn't Verified!

In order to create a playlist on Sporcle, you need to verify the email address you used during registration. Go to your Sporcle Settings to finish the process.

Report this User

Report this user for behavior that violates our Community Guidelines.

Details: